उत्तर प्रदेश / (Record no. 209576)

MARC details
000 -LEADER
fixed length control field 00881nam a22001937a 4500
005 - DATE AND TIME OF LATEST TRANSACTION
control field 20250220121304.0
010 ## - LCCN (DPL NO)
LC control number HIN-129446
020 ## - INTERNATIONAL STANDARD BOOK NUMBER
International Standard Book Number 9789394992993
035 ## - SYSTEM CONTROL NUMBER
System control number HN-101792
037 ## - SOURCE OF ACQUISITION
Source of stock number/acquisition DBAD
082 ## - DEWEY DECIMAL CLASSIFICATION NUMBER
Classification number 954.13
100 ## - MAIN ENTRY--PERSONAL NAME
Personal name त्रिपाठी अंशुमान राम
245 ## - TITLE STATEMENT
Title उत्तर प्रदेश /
Statement of responsibility, etc अंशुमान राम त्रिपाठी
Remainder of title विकसित भारत विकसित यूपी
Medium हिंदी
250 ## - EDITION STATEMENT
Edition statement प्रथम
260 ## - PUBLICATION, DISTRIBUTION, ETC. (IMPRINT)
Place of publication, distribution, etc लखनाऊ
Name of publisher, distributor, etc सुचना एवं जनसंपर्क विभाग
Date of publication, distribution, etc 2023
270 ## - ADDRESS
Address 17- आशोका मार्ग,
City लखनाऊ
300 ## - PHYSICAL DESCRIPTION
Extent 898पृष्ठ;
Dimensions 24सेमी(सजिल्द)
942 ## - ADDED ENTRY ELEMENTS (KOHA)
Source of classification or shelving scheme Dewey Decimal Classification
Item type Hindi Books
Classification part 954.13
Call number suffix अंशुमान राम त्रिपाठी
Holdings
Withdrawn status Lost status Not for loan Collection code Home library Current library Date acquired Source of acquisition Cost, normal purchase price Full call number Barcode Copy number Cost, replacement price Koha item type
    Not For Loan Non-fiction Central Library Central Library 20/02/2025 Delivery of Books Act Division 450.00 954.13 अंशुमान राम त्रिपाठी HN-101792 1 450.00 Hindi Books

© Delhi Public Library
Hit Counter
free hit counter